C'est le foot - Statistiques

Statistiques générales
  • Ce quiz a été pris 59 fois
  • Le résultat moyen est 12 sur 16
Statistiques - réponses
Par images Réponse % Correct
Gnabry
96%
Openda
92%
Vlahovic
92%
Doku
90%
Pacho
90%
Akliouche
84%
Azpilicueta
82%
Tel
82%
Gouiri
80%
Mariano
76%
Blas
71%
Frappart
71%
Ajorque
69%
Grenier
67%
Delort
61%
Thomasson
29%
Aucun quiz correspondant
Distribution des résultats
% des personnes avec chaque résultat
Percentile par nombre de réponses
Votre historique - résultats
Vous n’avez pas pris ce quiz